1372 1947 1614 1394 1929 1856 1108 1832 1969 1875 1959 1739 1066 1765 1706 1738 1068 1187 1613 1457 1011 1910 1629 1595 1151 1374 1708 1859 1180 1181 1188 1965 1604 1941 1735 1759 1709 1866 1409 1937 1931 1671 1423 1412 1153 1491 1512 1600 1608 1333 1937 1087 1760 1985 1414 1729 1231 1983 1930 1258 1987 1425 1204 1616 1564 1153 1039 1145 1194 1968 1050 1954 1096 1936 1329 1108 1944 1816 1557 1961 1379 1621 1355 1218 1897 1158 1883 1227 1047 1004 1358 1693 1646 1451 1940 1323 1526 1738 1710 BCNSPRNW ULIB Ver.6.0+V

เปลี่ยนเป็นภาษาไทย

Change to English
 แสดงรายละเอียดบรรณานุกรม
  กลับหน้าหลัก

Brief Record : Get Marc (ISO 2709) : E-mail record : QR code < ปิดหน้าต่าง
LEADER : 00000nam 2200000uu 4500
001    13399124700
003     ULIB
008    160115s2554||||th 000 0 tha d
020    ^a9789743509308
060  4 ^aWO375 ^bน924
245    ^aแนวทางพัฒนาการระงับปวดเฉียบพลันหลังผ่าตัด = Clinical guidance for management of acute postoperative pain
250    ^aพิมพ์ครั้งที่ 1
260    ^aกรุงเทพฯ : ^bราชวิทยาลัย , ^c2554
300    ^avi, 58 ; ^bภาพประกอบ
650    ^aศัลยกรรม, การดูแลภายหลัง
650    ^aยาระงับความรู้สึก^xการใช้รักษา
650    ^aความเจ็บปวดหลังศัลยกรม
700    ^aสมาคมการศึกษา
700    ^aราชวิทยาลัยวิสัญญีแพทย์แห่งประเทศไทย
945    ^p0^l0^i000249
945    ^p0^l0^i000250
999    ^aเกษร โพธิ์สุวรรณ
รายการนี้ยังไม่มีแท็ก
คุณยังไม่ได้ล็อกอิน คุณสามารถมีกิจกรรมร่วมกับเว็บไซต์ได้ แต่ต้องล็อกอินก่อน ::
  ล็อกอิน

รายการสื่อสารสนเทศ

ลำดับที่ ประเภท เลขเรียก/บาร์โค้ด สถานที่ สถานะ
1. วิทยาศาสตร์การแพทย์ และสุขภาพ
หนังสือสำรอง
สถานะ=หนังสือสำรอง
WO375 น924 ฉ.1 
  Barcode: 000249
ห้องสมุดวิทยาเขตสวรรค์ประชารักษ์
►ส่วนจัดเก็บหนังสือเก่า สปร
บนชั้น
  ขอยืม
2. วิทยาศาสตร์การแพทย์ และสุขภาพ
วิทยาศาสตร์การแพทย์ และสุขภาพ
WO375 น924 ฉ.2 
  Barcode: 000250
ห้องสมุดวิทยาเขตสวรรค์ประชารักษ์
►หนังสือทั่วไป
บนชั้น

รายการใกล้เคียง
    หัวเรื่อง [ศัลยกรรม, การดูแลภายหลัง]

BibComment


ยังไม่เคยถูกคอมเมนท์

คอมเมนท์ทรัพยากรรายการนี้
  คอมเมนท์: แนวทางพัฒนาการระ..


 Copyright 2026. Bcnsprnw @Library